Músicas da Anitta com Mais Streams de A a Z - Statistics

Estatísticas Gerais
  • Esse quiz foi jogado 76 vezes
  • A pontuação média é 5 de 23
Estatísticas das Respostas
Letter Streams Songs % Correto
E 695M Envolver
76%
D 836M Downtown
71%
V 279M Vai Malandra
60%
P 142M Paradinha
47%
B 509M BELLAKEO
44%
G 106M Girl From Rio
44%
S 276M São Paulo
38%
J 98M Joga Pra Lua
16%
O 107M Onda diferente
16%
M 211M Machika
13%
N 124M NO CHÃO NOVINHA
13%
R 232M R.I.P.
13%
W 33M Will I See You
13%
A 198M Ao Vivo E A Cores
11%
C 175M Combatchy
11%
Q 66M Que Rabão
9%
F 112M Fuego
7%
Y 16M Yo No Se
7%
I 105M Indecente
4%
U 56M Un altro ballo
4%
L 149M La Loto
2%
T 148M TODO O NADA
2%
Z 19M Zé do caroço
2%
Nenhum quiz correspondente encontrado
Distribuição das Pontuações
Porcentagem de Pessoas com Cada Pontuação
Percentil de Números Respondidos
Sua Pontuação Histórica
Você não jogou esse quiz